Quizzes
Events
Quiz Creation
Community
Videos
Private Events
Remove Ads
Sign In
Join for FREE
Feedback
Dark Mode
Quiz Categories
Sports
Geography
Music
Movies
Television
Just For Fun
Miscellaneous
History
Literature
Language
Science
Gaming
Entertainment
Religion
Holiday
For Kids
Quiz Lab
Recent
Popular Today
Quiz Kudos Today
Editor Picks
Curator Picks
Quizzes by...
Day
Popularity
Type
Ratings
Length
Year
Community
Subscriptions
Recent Discussions
Orange Saloon
Badges
Playlists
Quests
Create
Leaderboards
Showdown
Live 5
Trivia Bingo
Activity
Puzzle Library
Sporcle Events
Private Events
Virtual Trivia
Globe League
Become a Host
Pub Owners
SporcleCon
Opinionation
Our Games
Videos
Blog
Mobile Apps
Partnerships
Remove Ads and Go Orange
Feedback
History
US Presidents
World Leaders
Politics
Nation
Discovery
War
Decade
Year
Century
Biography
Art
History
US Presidents
World Leaders
Politics
Nation
Discovery
War
Decade
Year
Century
Biography
Art
Random Quiz
Search Sporcle
×
Quiz Lab
Quiz Lab
History
Alphabet
Select answers by clicking on text or image buttons
Select answers by clicking on text or image buttons
Clickable
Best Score? Go Orange.
New Deal Alphabet Agencies Stats
Can you match Roosevelt's New Deal Alphabet Agencies?
By
cheesecake
3m
15 Questions
646 Plays
646 Plays
646 Plays
Comments
Comments
Give Quiz Kudos
Give Quiz Kudos
-
- Ratings
hide this ad
Forced Order
Answers have to be entered in order
Answers have to be entered in order
Random Order
Randomize order of answers
Randomize order of answers
Replay
Link that replays current quiz
Next Quiz
Link to next quiz in quiz playlist
You Got
0%
They Got
Avg Score
52%
Avg Friend Score
Upgrade to see
Score Distribution
Jump to the score distribution portion of the page
Score
0/15
Timer
03:00
1
Play Today
% Correct
Emergency Banking Act
86.5%
Tennessee Valley Authority
86.2%
Home Owners Relief Act
74.9%
Agricultural adjustment Act
73.8%
Farm Credit Act
72.8%
Civilian Conservation Corps
61.3%
National Employment Act
49.1%
Works Progress Administration
45.2%
% Correct
Federal Security Act
43.8%
Economy Act
38.4%
National Industrial Relief Act
35.1%
Public Works Administration
33.7%
National Recovery Administration
31.7%
Federal Emergency Relief Administration Act
29.7%
Civil Works Administration
29.3%
Quiz Playlist
Details
Report
Send in Message
Add To Playlist
Clickable:
Select answers by clicking on text or image buttons
Forced Order:
Answers have to be entered in order
Random Order:
Randomize order of answers
Last Updated: Feb 16, 2017
Quiz Scoreboard
CHALLENGE
Sign Up to Join the Scoreboard
Show All
Scores
Hide
Comments
May contain spoilers
Recently Published
NBA Finals Game Top Scorers (2010s)
by flibbidy
Sports
5m
Guess the 'R' Things in 3 Words
by MSUKent
Miscellaneous
3m
Actor to Badly Drawn Movie III
by MoMosMoProblems
Movies
5m
More to Explore
Quiz From the Vault
Featured Blog Post
Where Does Lost Luggage Go?
hide this ad
You Might Also Like...
Tags
Alphabet Quiz
Clickable Quiz
Agency
deal
New Deal
Roosevelt
Today's Top Quizzes in History
Browse History
hide this ad
Today's Top Quizzes in Alphabet
Browse Alphabet
Top Contributed Quizzes in History
1
Nickname Match: US Presidents
2
I Am Born On March 18th
3
Nickname Match: World Leaders II
4
Nickname Match: US Presidents II
5
Famous People on Time Magazine Covers III (Slideshow)
6
10 to 1: Generals by War
7
27 Amendments
8
Order the British Succession
9
New Deal Alphabet Soup
10
Constitutional Quiz
Explore More
Trending Topics
Disney
Kpop
Marvel
NBA
Harry Potter
Crossword
Anime
Puzzle
Soccer
NFL
Song
WWE
Country
Pokémon
The Office
hide this ad
More By:
cheesecake
Quiz
Plays
Rating
Category
Featured
Created
New Deal Alphabet Agencies
646
History
Jun 13, 2016
Music Theory Foreign Terms (Grade 5)
175
Music
Jun 12, 2016
OCR Religious Studies vocab
111
1.00
Religion
May 14, 2016
Go to Creator's Profile
Score Distribution
Quiz Creator Spotlight
cheesecake
Follow
Send a Message
Quizzes Created
-
Created Quiz Play Count
-
More By This Creator
Popular Quizzes Today
1
Find the US States - No Outlines Minefield
2
Find the US States
3
The Countries of the World
4
10 Largest US States in Order
5
Find the Countries of Europe - No Outlines Minefield
6
US States
7
Guess the 'R' Things in 3 Words
8
NBA Finals Game Top Scorers (2010s)
More History Quizzes
Countries in 1939 by population
Curator's Pick
Trending Quizzes
First Name TV: Leading Men
Match the Book to the Film II
First Name TV: Leading Women Drama
Pick A Pair: Religious TV
Match the Book to the Film VI
Recently Updated
Women's Final Four Teams by Year
bhenderson79
Presidents Quartet II
eogle
Anything But Clue(do)
eogle
Anything But Oceanian Capitals
eogle
Anything But 7
eogle
Anything But Thing
eogle
Word Ladder: February 29
pecheneg
Song Title Questions
pecheneg
Women's NCAA Tournament #1 Seeds
pecheneg
Celebrity Mug Shots
pecheneg
Trending Topics
NBA
Anime
Disney
Crossword
Harry Potter
Kpop
Marvel
WWE
NFL
Song
Puzzle
Pokémon
Country
The Office
Soccer
Your Account Isn't Verified!
In order to create a playlist on Sporcle, you need to verify the email address you used during registration. Go to your
Sporcle Settings
to finish the process.
Report this User
Report this user for behavior that violates our
Community Guidelines
.
Details:
Send Report
Go to the Sporcle.com Mobile Site →
Comments